| 000 | 00724nam a22002417a 4500 | ||
|---|---|---|---|
| 005 | 20170124105936.0 | ||
| 010 | _a857018 | ||
| 020 | _c00.00 | ||
| 035 | _a857018 | ||
| 037 | _bCen Lib/Ret | ||
| 040 |
_aDPL _bEN |
||
| 082 |
_a328.54 _bPAR |
||
| 245 |
_aParliament of india : _cedited by S.L. Shakdher _bthe fifth lok sabha 1971-1977, a study / |
||
| 246 | _b | ||
| 260 |
_bIndus International _aNew Delhi _c1977 |
||
| 270 |
_bNew Delhi _e110002 _a8, netaji subhash marg |
||
| 300 |
_a401p. _c20cm(Hb) |
||
| 500 | _aIncludes index | ||
| 650 |
_aLok sabha _z _99778 |
||
| 650 |
_aParliamentray elections _y1971-9177 _99779 |
||
| 700 |
_aShakdher, S.L. _99743 |
||
| 942 |
_2ddc _cEN _h328.54 _mPAR |
||
| 999 |
_c124204 _d124204 |
||